| 000 | 00641nam a2200157Ia 4500 | ||
|---|---|---|---|
| 008 | 151213s9999 xx 000 0 und d | ||
| 020 | _a984-464-131-4 | ||
| 100 | _aপমোহাম্মদ দিলদার হোসেন। | ||
| 245 |
_aবিদেশী। বিচিত্র গল্প। _cপমোহাম্মদ দিলদার হোসেন। |
||
| 260 |
_aঢাকা _bঅঙ্কুর প্রকাশনী। _c2005 |
||
| 300 | _a8520 p. | ||
| 650 | _aBengali Literature | ||
| 650 | _aBengali Literature | ||
| 700 | _aপমোহাম্মদ দিলদার হোসেন। | ||
| 999 |
_c4357 _d4357 |
||